Normal view MARC view

Entry Personal Name

Number of records used in: 1

001 - CONTROL NUMBER

  • control field: 38276

003 - CONTROL NUMBER IDENTIFIER

  • control field: OSt

005 - DATE AND TIME OF LATEST TRANSACTION

  • control field: 20211105154422.0

008 - FIXED-LENGTH DATA ELEMENTS

  • fixed length control field: 211105|| aca||aabn | a|a d

040 ## - CATALOGING SOURCE

  • Original cataloging agency: OSt
  • Transcribing agency: OSt

100 ## - HEADING--PERSONAL NAME

  • Personal name: Moraux, E., ed

670 ## - SOURCE DATA FOUND

  • Source citation: Work cat.: (OSt): Moraux, E., ed. , Stellar Clusters: Benchmarks of Stellar Physics and Galactic Evolution - EES2015, 2016

Powered by Koha